000 00927nam a22002897a 4500
001 BR6002956
003 BR-BrBNA
005 20230928083142.0
007 ta
008 230509b bl.||||| |||| 00| 0 por d
040 _aBR-BrBNA
_bpor
_cBiblioteca Nacional de Agricultura
041 _a(Por)
072 _aE70; D50
_b/G514
090 _ E70 BR6002956
100 1 _aCosta, F.
110 1 _aSecretaria da Agricultura, Industria e Commercio do Estado de Sao Paulo, Sao Paulo (Brasil)
245 1 _aFiscalisacao do commercio de mudas e sementes, 1: O laboratorio de analyses da Secretaria de Agricultura, 2: Regulamento do commercio de mudas e sementes [Brasil]
260 3 _aSao Paulo, SP (Brasil):
_c1930.
300 _a19 p.
650 _aComercializacao
650 _aLegislacao
650 _aMuda
650 _aSemente
650 _aPoder germinativo
909 _a202309
_bLucia
_c55
_dLucia Elande
942 _cBK
999 _c11850
_d11850